Изучение спектрально-люминесцентных свойств гамма-пирилоцианинов и их гетероаналогов; Известия Томского политехнического университета [Известия ТПУ]; Т. 309, № 6

Detalles Bibliográficos
Parent link:Известия Томского политехнического университета [Известия ТПУ]/ Томский политехнический университет (ТПУ).— , 2000-
Т. 309, № 6.— 2006.— [С. 97-101]
Outros autores: Коботаева Н. С., Микубаева Е. В., Скороходова Т. С., Сироткина Е. Е.
Summary:Заглавие с титульного листа
Электронная версия печатной публикации
Изучены спектрально-люминесцентные свойства гамма-пирилоцианинов и их гетероаналогов с модифицированными комплексными анионами. Показано, что происходит уменьшение квантовых выходов флуоресценции в ряду пирило-, тиапирило-, селенпирило- для моно- и триметинцианинов и при замене в молекуле красителя аниона ClO[4] - на анион TlCl[4] - в результате увеличения вероятности синглет-триплетных переходов под влиянием тяжелых атомов.
Idioma:ruso
Publicado: 2006
Series:Технические науки
Subjects:
Acceso en liña:http://www.lib.tpu.ru/fulltext/v/Bulletin_TPU/2006/v309/i6/24.pdf
Formato: MixedMaterials Electrónico Capítulo de libro
KOHA link:https://koha.lib.tpu.ru/cgi-bin/koha/opac-detail.pl?biblionumber=171640

MARC

LEADER 00000nla2a2200000 4500
001 171640
005 20231031164034.0
035 |a (RuTPU)RU\TPU\book\186099 
035 |a RU\TPU\book\186097 
090 |a 171640 
100 |a 20091207d2006 k y0rusy50 ca 
101 0 |a rus 
102 |a RU 
135 |a drnn ---uucaa 
181 0 |a i  
182 0 |a b 
200 1 |a Изучение спектрально-люминесцентных свойств гамма-пирилоцианинов и их гетероаналогов  |b Электронный ресурс  |f Н. С. Коботаева [и др.] 
203 |a Текст  |c электронный 
215 |a 1 файл (246 Кб) 
225 1 |a Технические науки 
230 |a Электронные текстовые данные (1 файл : 246 Кб) 
300 |a Заглавие с титульного листа 
300 |a Электронная версия печатной публикации 
320 |a [Библиогр.: с. 100-101 (24 назв.)] 
330 |a Изучены спектрально-люминесцентные свойства гамма-пирилоцианинов и их гетероаналогов с модифицированными комплексными анионами. Показано, что происходит уменьшение квантовых выходов флуоресценции в ряду пирило-, тиапирило-, селенпирило- для моно- и триметинцианинов и при замене в молекуле красителя аниона ClO[4] - на анион TlCl[4] - в результате увеличения вероятности синглет-триплетных переходов под влиянием тяжелых атомов. 
337 |a Adobe Reader 
461 1 |0 (RuTPU)RU\TPU\book\176237  |t Известия Томского политехнического университета [Известия ТПУ]  |f Томский политехнический университет (ТПУ)  |d 2000- 
463 1 |0 (RuTPU)RU\TPU\book\186033  |t Т. 309, № 6  |v [С. 97-101]  |d 2006  |p 256 с. 
610 1 |a спектрально-люминесцентные свойства 
610 1 |a пирилоцианины 
610 1 |a гетероаналоги 
610 1 |a комплексные анионы 
610 1 |a модифицированные анионы 
610 1 |a квантовые выходы 
610 1 |a флуоресценция 
610 1 |a пирилоцианины 
610 1 |a тиапирилоцианины 
610 1 |a селенпирилоцианины 
610 1 |a монометинцианины 
610 1 |a триметинцианины 
610 1 |a молекулы 
610 1 |a красители 
610 1 |a анионы 
610 1 |a синглет-триплетные переходы 
610 1 |a тяжелые атомы 
610 1 |a электронный ресурс 
701 1 |a Коботаева  |b Н. С. 
701 1 |a Микубаева  |b Е. В. 
701 1 |a Скороходова  |b Т. С. 
701 1 |a Сироткина  |b Е. Е. 
801 1 |a RU  |b 63413507  |c 20090623  |g PSBO 
801 2 |a RU  |b 63413507  |c 20211110  |g PSBO 
856 4 |u http://www.lib.tpu.ru/fulltext/v/Bulletin_TPU/2006/v309/i6/24.pdf 
942 |c CF